000
00187 a2200097 4500
001
125076
040
_c
Escola Canadense de Niteroi
090
_a
C7
245
1
0
_a
Claude Monet
942
_c
BK
999
_c
125076
_d
125076